000 00684nam a2200253#a 4500
001 00570
003 HDC
007 ta
008 230623s2004 xx 000 0 eng d
020 _a1587160293 (pbk.).
040 _aHDC
050 _aTP 370
_b.R47 2004
100 _aRiaz, Mian N.
245 0 _aHalal food production /
_cMian N. Riaz, Muhammad M. Chaudry.
264 _aBoca Raton, FL :
_bCRC Press,
_cc2004.
300 _axvii,379p. :
_b ill. ;
_c 24cm.
500 _aIncludes bibliographical references and index.
650 _aFood industry and trade.
700 _aChaudry, Muhammad M.
942 _2lcc
942 _cBK
942 _kTP 370
942 _m.R47 2004
999 _c22211
_d22211